000 01068nam a2200277 i 4500
001 94127
003 ES-MaACL
005 20250624062914.0
007 t|
008 050531s1965 sp ||||1| spa d
080 _a75 Illana, Rafael (083.82)
100 1 _aIllana, Rafael.
_965182
245 1 0 _aRafael Illana
_b: [exposición, Sala del Prado del Ateneo de Madrid, mayo de 1965] /
_c[Texto: Cesáreo Rodríguez-Aguilera].
260 _a[Madrid] :
_bPublicaciones Españolas,
_c[1965]
300 _a[16] p. :
_bil. ;
_c28 cm.
490 1 _aCuadernos de arte. Colección ordinaria ;
_v197
600 0 4 _aIllana, Rafael
_965182
610 2 7 _aAteneo de Madrid-
_vExposiciones-
_y1960-1969.
_91920
655 7 _2tgfbne
_9193628
_aCatálogos de exposiciones
700 1 _aRodríguez Aguilera, Cesáreo.
_998320
710 2 _aAteneo de Madrid.
_bSala del Prado.
_91965
830 0 _aCuadernos de arte. Colección ordinaria
_v197
_9180064
852 _aES-MaACL
_j2195-F-28
_997634
_bR.136190
_cDEPOF
942 _2udc
_cFOLLETOS
999 _c94127
_d94127